000 00806nam a2200217 u 4500
003 AM-YeHGA
040 _aAM-YeHGA
090 _c188960
001 000505722
005 20250618072703.0
008 061025s1927 ai r 000 0 arm d
041 0 _aarm
100 1 _aԳաբրիելյան, Ռուբեն Բալասիի,
_d1888-1968
_91849
245 1 0 _aՃագարամուկը :
_bԲզեզների յետևից : (Կենդանաբանական զրույցներ) /
_cՌ. Գաբրիելյան.
246 3 1 _aԲզեզների յետեվից
260 _aՅերևան :
_bՊետհրատ,
_c1927.
300 _a28 էջ :
_bնկ. ;
_c22 սմ.
440 0 _aՊատանեկան գրադարան :
_pԲնագիտական սերիա
_v7
650 1 4 _aԿենդանաբանություն
_95185
942 _2udc
_cBK
999 _c187494
_d187494